000 nam a22 7a 4500
999 _c30221
_d30221
008 190508b xxu||||| |||| 00| 0 eng d
020 _a9781422166963
050 _aHD 45 .T744 2010
100 _aGovindarajan, vijay.
245 _aThe other side of innovation :
_bsolving the excution challenge /
_cVijay Govindarajan and Chris Trimble.
260 _aBoston :
_bHarvard business review press,
_c2010.
300 _axiv, 220p. :
_bill. :
_c24cm.
500 _aInclude index.
650 _aTechnological innovations
_vmanagement.
650 _aIndustrial management.
650 _astrategic planning.
700 _aTrimble, Chris.
942 _2lcc
_cBOOKS
_hHD 45 .T744 2010